Freedom and unity: a selection from writings and speeches 1952- 1965 (Record no. 415642)

000 -LEADER
fixed length control field 00415cam a22001337a 4500
008 - FIXED-LENGTH DATA ELEMENTS--GENERAL INFORMATION
fixed length control field 180718b1966 xxu||||| |||| 00| 0 eng d
082 ## - DEWEY DECIMAL CLASSIFICATION NUMBER
Classification number A99 N988s/1
100 ## - MAIN ENTRY--PERSONAL NAME
Personal name Nyerere, Julius K.
245 ## - TITLE STATEMENT
Title Freedom and unity: a selection from writings and speeches 1952- 1965
Statement of responsibility, etc. by Julius K. Nyerere
260 ## - PUBLICATION, DISTRIBUTION, ETC.
Place of publication, distribution, etc. London
Name of publisher, distributor, etc. Oxford
Date of publication, distribution, etc. 1966
300 ## - PHYSICAL DESCRIPTION
Extent xii, 366p
650 ## - SUBJECT ADDED ENTRY--TOPICAL TERM
Topical term or geographic name entry element Tanzania
650 ## - SUBJECT ADDED ENTRY--TOPICAL TERM
Topical term or geographic name entry element Africa -Politics and government
Holdings
Withdrawn status Lost status Damaged status Not for loan Permanent Location Current Location Date acquired Full call number Barcode Date last seen Price effective from Koha item type
        Indian Institute of Public Administration Indian Institute of Public Administration 2009-03-05 A99 N988s/1 45634 2018-07-21 2018-07-21 Book

Powered by Koha